Clic Ce sont des départements mais aussi... (10) - Statistiques

Statistiques générales
  • Ce quiz a été pris 12 fois
  • Le résultat moyen est 19 sur 50
Statistiques - réponses
Hint Explanation Réponse % Correct
La Guadeloupe est une ville d'Haïti FAUX
70%
La Provence est un ancien royaume VRAI
70%
Var est un homme politique Français François VRAI
70%
Calais est une ville des Hauts-de-France VRAI
70%
Martinique est un prénom féminin Il existe Martine FAUX
60%
Calais est une ville de Pennsylvanie Du Vermont FAUX
60%
Vaucluse est une commune du Doubs VRAI
60%
Maine est le nom de plusieurs navires de guerre américains VRAI
60%
Le loir est un petit mammifère VRAI
60%
Les Alpes sont un massif de Bulgarie Mais elles existent en Roumanie FAUX
50%
Le mot Alpes figure dans le nom de 4 départements français 3 : Alpes-de-Haute-Provence, Hautes-Alpes, Alpes-Maritimes FAUX
50%
Vosges est un personnage d'Indiana Jones Vogel FAUX
50%
Calais est une ville d'Angleterre Même si Calais a longtemps été occupé par les Anglais FAUX
50%
Tarn est un célèbre historien britannique William Woodthorpe Tarn VRAI
50%
La Guadeloupe est une ville du Canada VRAI
50%
Pyrénées est une station du métro parisien VRAI
50%
Calais est le nom d'une peintre belge Henriette Calais VRAI
50%
La Meurthe est un affluent de la Moselle VRAI
50%
Vendée est un village du Québec VRAI
50%
La Réunion est une île de l'Océan Indien VRAI
50%
Le Var est un fromage de brebis FAUX
40%
La Martinique est une rivière du Cantal FAUX
40%
Vienne est une ville du Dakota du Sud Vienna FAUX
40%
Mayotte est un inventeur Un certain Maillot aurait inventé le maillechort FAUX
40%
Tarn est un prénom masculin FAUX
40%
Les Alpes sont un massif de Nouvelle-Zélande VRAI
40%
Un traité de paix porte le nom des Pyrénées En 1659 VRAI
40%
La Somme est un ouvrage de mathématiques Il existe deux ouvrages théologiques de St Thomas d'Aquin appelés La Somme contre les gentils et La Somme théologique FAUX
30%
La garonne est un type de bateau Sur la Garonne naviguaient les gabares FAUX
30%
Guyane est une ville de Guyane FAUX
30%
Corse est le nom d'une marque de pédalos FAUX
30%
Essonne est un terme de biologie Exon existe FAUX
30%
Var est un dieu nordique Une déesse appelée Vàr FAUX
30%
Les Alpes sont une chaine de montagne qui s'étend sur 8 pays en Europe Italie, France, Suisse, Liechtenstein, Monaco, Allemagne, Autriche et Slovénie VRAI
30%
Pyrénées est une revue VRAI
30%
La Garonne est une chanson de Nicole Croisille VRAI
30%
Yveline est le prénom d'une romancière Yveline Féray VRAI
30%
La Vienne est un affluent de la Saône De la Saâne FAUX
20%
La Garonne est un roman FAUX
20%
Le Meurthe est un vin IGP FAUX
20%
Somme est le nom d'un aéronef d'avant 1914 FAUX
20%
La Guyane est une ancien région française La Guyenne FAUX
20%
L'Yveline est un affluent de la Seine FAUX
20%
Un var est un poème indien VRAI
20%
La Vienne est une rivière d'Autriche VRAI
20%
La Corse est une île de Méditerranée VRIAI
20%
Provence est une station du métro de Paris Mais il y a une rue de Provence FAUX
10%
La Provence est une région administrative de France Il existe Provence-Alpes-Côte d'Azur FAUX
10%
Corse est un village britannique VRAI
10%
3 batailles sont dites de la Somme 4 : En 1916 et deux en 1918 (mars et août) et en 1940 FAUX
0%
Aucun quiz correspondant
Distribution des résultats
% des personnes avec chaque résultat
Percentile par nombre de réponses
Votre historique - résultats
Vous n’avez pas pris ce quiz